000 00539nam a2200193Ia 4500
003 GCL
008 140319s9999 xx 000 0 eng d
040 _aGCL /
_cGCL
082 0 4 _a745.4
_bH H
100 1 _aHAIMLIN, A.D.F (DEDICATOR)
245 1 0 _aHORNUNG'S HANDBOOK OF: DESIGNS & DEVICES /
_cHAIMLIN, A.D.F (DEDICATOR)
260 _a[S.N] :
_bDOVER PUBLICATIONS,INC. ،
_c1946
300 _a216 P
650 0 4 _aGRAFFITO DECORATION
650 0 4 _aDESIGN
650 0 4 _aDEVICES
650 0 4 _aDECORATION AND ORNAMENT
942 _2ddc
_cBK
999 _c20552
_d20552